Parts of a Lamp Quiz Stats

 Plays Quiz Updated Jan 18, 2018

Challenge
Share
Tweet
Score 0/11 Timer 01:30
1 Play Today
% Correct
Lamp shade
96.2%
Bulb
95.7%
Cord set
93%
Rod
92.6%
Lamp Base
92.6%
Harp
82.7%
Lamp socket
80.6%
Finial
80.2%
Neck
69.9%
Harp Bottom
67.6%
Vase cap
54.8%

You're not logged in!

Compare scores with friends on all Sporcle quizzes.
OR
Log In

You Might Also Like...

Show Comments

Extras

Top Quizzes Today


Score Distribution

Your Account Isn't Verified!

In order to create a playlist on Sporcle, you need to verify the email address you used during registration. Go to your Sporcle Settings to finish the process.

Report this User

Report this user for behavior that violates our Community Guidelines.

Details: